Statistics for Asian Geography by Letter - K

Click here to take the quiz!

General Stats

  • This quiz has been taken 62 times
  • The average score is 15 of 20

Answer Stats

HintAnswer% Correct
Largest country in Central AsiaKazakhstan
98%
Capital of MalaysiaKuala Lumpur
98%
Ethnic group native to Turkey, Iran, Iraq, and SyriaKurds
98%
Oil-rich country on the Persian GulfKuwait
98%
Second tallest mountain in the worldK2
97%
Capital of AfghanistanKabul
97%
Largest city in the HimalayasKathmandu
97%
Mountainous country in Central AsiaKyrgyzstan
95%
Peninsula divided between two countriesKorea
90%
Indonesian volcano that had a massive eruption in 1883Krakatoa
87%
Region disputed between India, Pakistan, and ChinaKashmir
85%
Capital of West Bengal, IndiaKolkata
85%
Large peninsula in the far east of RussiaKamchatka
75%
Highest Mongol and Turkic royal titlekhan
75%
Archipelago governed by Russia but claimed by JapanKuril Islands
43%
Indian state with the highest life expectancy and literacy rateKerala
37%
Indonesian portion of the island of BorneoKalimantan
28%
Second largest subdivision of Russia; stretches from the Arctic Ocean to the Sayan MountainsKrasnoyarsk Krai
28%
Autonomous republic in northwest UzbekistanKarakalpakstan
22%
Mountain range in western ChinaKunlun Mountains
20%

Score Distribution

Percentile by Number Answered

Percent of People with Each Score

Your Score History

You have not taken this quiz